00299nam a2200121Ia 45000030006000000080041000060400015000471000013000622450036000752600037001115460012001480050017001600STCL150530s9999 xx 000 0 und d aSTCLcSTCL aWhiltock aReading of the canterbury tales bCambridge university pressc1970 aEnglish20220125170858.0